[Event "Fagernes Autumn op"]
[Site "Fagernes"]
[Date "2023.10.10"]
[Round "3"]
[White "Arsenie, Cristian Marc"]
[Black "Amundsen, Ask"]
[Result "1/2-1/2"]
[WhiteElo "2091"]
[BlackElo "1956"]
[PlyCount "205"]
[EventDate "2023.10.08"]
[EventType "swiss"]
[EventRounds "9"]
[EventCountry "NOR"]
[SourceTitle "Mega2024 Update 01"]
[Source "Chessbase"]
[SourceDate "2023.11.12"]
[SourceVersion "1"]
[SourceVersionDate "2023.11.12"]
[SourceQuality "1"]

1. e4 c6 2. Nc3 d5 3. Nf3 Bg4 4. h3 Bxf3 5. Qxf3 e6 6. Be2 d4 7. Nb1 Nf6 8. d3 Bd6 9. 0-0 0-0 10. Nd2 Nbd7 11. g3 b5 12. Qg2 e5 13. Nf3 Ne8 14. h4 Be7 15. Bd2 a5 16. a4 bxa4 17. Rxa4 Qb8 18. b3 Bd8 19. Rfa1 Qb5 20. b4 Nd6 21. Qh3 c5 22. bxa5 Nxe4 23. dxe4 Qxe2 24. Qxd7 Qxf3 25. Qb7 Bf6 26. a6 Qe2 27. Be1 Rab8 28. Qd5 Rbd8 29. Qxc5 Qxe4 30. a7 h5 31. Ra6 Rc8 32. Qa3 Ra8 33. Qb3 Qe2 34. Rb6 e4 35. Rb8 Kh7 36. Rxf8 Rxf8 37. Qb7 d3 38. c3 d2 39. Bxd2 Qxd2 40. Qxe4+ g6 41. a8Q Rxa8 42. Rxa8 Qxc3 43. Ra7 Qb3 44. g4 Kg7 45. gxh5 Qd1+ 46. Kg2 Qxh5 47. Ra4 Qb5 48. Ra3 Qh5 49. Rh3 Qh6 50. Qg4 Qd2 51. h5 Qd5+ 52. Qf3 Qxf3+ 53. Kxf3 gxh5 54. Rxh5 Kg6 55. Rd5 Bh4 56. Ra5 Bd8 57. Rb5 Bh4 58. Ke3 Bg5+ 59. f4 Bd8 60. Ke4 Bh4 61. Rb6+ Bf6 62. Ra6 Kg7 63. Kf5 Bb2 64. Ra2 Bc3 65. Rc2 Bd4 66. Rg2+ Kf8 67. Ke4 Bc3 68. Kd5 Ke7 69. Rc2 Ba1 70. Rc6 Bb2 71. Rh6 Bg7 72. Rh7 Bc3 73. Rh6 Bg7 74. Ra6 Bc3 75. Ke4 Bb2 76. Kf5 Bd4 77. Ra2 Bc3 78. Ke4 Kf6 79. Ra7 Bb2 80. Kd5 Bc1 81. Ke4 Bb2 82. Rc7 Ba1 83. Kd5 Bb2 84. Rb7 Bc3 85. Kd6 Bd2 86. Kd7 Bxf4 87. Ke8 Kg5 88. Kxf7 Kg4 89. Kg6 Bd2 90. Rb2 Bc1 91. Rb4+ Bf4 92. Ra4 Kf3 93. Kf5 Bc1 94. Ra1 Bb2 95. Rb1 Bd4 96. Rb3+ Kg2 97. Kf4 Bf6 98. Ra3 Bd4 99. Ra2+ Kh1 100. Kf3 Be5 101. Re2 Bd4 102. Re1+ Bg1 103. Kg3 1/2-1/2

[Event "EU-ch 22nd"]
[Site "Terme Catez"]
[Date "2022.04.03"]
[Round "8"]
[White "Arsenie, Cristian Marc"]
[Black "Olenik Campa, Rudi"]
[Result "0-1"]
[WhiteElo "1952"]
[BlackElo "2112"]
[PlyCount "80"]
[EventDate "2022.03.27"]
[EventType "swiss"]
[EventRounds "11"]
[EventCountry "SLO"]
[SourceTitle "CBM 208"]
[Source "ChessBase"]
[SourceDate "2022.06.30"]
[SourceVersion "1"]
[SourceVersionDate "2022.06.30"]
[SourceQuality "1"]

1. e4 c5 2. Nc3 Nc6 3. Bb5 Nd4 4. Nf3 g6 5. Bc4 Bg7 6. Nxd4 cxd4 7. Qf3 e6 8. Nb5 Be5 9. c3 a6 10. Nxd4 b5 11. Bb3 Bb7 12. d3 Qc7 13. h3 f5 14. Qe2 fxe4 15. dxe4 Nf6 16. Bc2 b4 17. Qe3 bxc3 18. bxc3 Qc5 19. Bb2 Rb8 20. 0-0 Bxe4 21. Bxe4 Rxb2 22. Rfe1 Bd6 23. Qh6 Rf8 24. Bf3 Kf7 25. Re3 Kg8 26. Rd1 Qc7 27. Ne2 Bc5 28. Red3 Qb6 29. Qh4 e5 30. Rxd7 Bxf2+ 31. Qxf2 Qxf2+ 32. Kxf2 Nxd7 33. Rxd7 e4 34. Re7 exf3 35. gxf3 Rxa2 36. c4 a5 37. c5 Rc2 38. Re5 a4 39. Re4 a3 40. Ra4 Re8 0-1

[Event "Arco op 43rd"]
[Site "Arco"]
[Date "2021.10.16"]
[Round "8"]
[White "Arsenie, Cristian Marc"]
[Black "Di Lascio, Savino"]
[Result "1-0"]
[WhiteElo "1757"]
[BlackElo "1904"]
[PlyCount "95"]
[EventDate "2021.10.09"]
[EventType "swiss"]
[EventRounds "9"]
[EventCountry "ITA"]
[SourceTitle "CBM 204 Extra"]
[Source "ChessBase"]
[SourceDate "2021.11.30"]
[SourceVersion "1"]
[SourceVersionDate "2021.11.30"]
[SourceQuality "1"]

1. e4 c6 2. c4 d5 3. exd5 cxd5 4. cxd5 Nf6 5. Nc3 Nxd5 6. Nf3 g6 7. Qb3 e6 8. Nxd5 Qxd5 9. Qc3 Qe4+ 10. Be2 e5 11. Qxc8+ Ke7 12. Qc5+ Kf6 13. Qe3 Qd5 14. Bc4 Qc5 15. Qxc5 Bxc5 16. d3 Nc6 17. 0-0 h6 18. Be3 Nd4 19. Bxd4 Bxd4 20. Nxd4 exd4 21. Rac1 Rad8 22. Rfe1 Rd7 23. a3 a6 24. b4 b5 25. Bb3 Rd6 26. g3 g5 27. Rc7 Rf8 28. Ree7 g4 29. Kg2 a5 30. Rxf7+ Rxf7 31. Rxf7+ Kg5 32. Rb7 axb4 33. Rxb5+ Kg6 34. axb4 h5 35. Bc4 Rf6 36. Re5 Rb6 37. Re6+ Rxe6 38. Bxe6 Kg5 39. b5 h4 40. gxh4+ Kf4 41. b6 g3 42. hxg3+ Ke5 43. b7 Kf6 44. b8Q Ke7 45. Qe5 Kd8 46. Qd6+ Ke8 47. Qd7+ Kf8 48. Qf7# 1-0

[Event "Lugano Paradiso op"]
[Site "Lugano"]
[Date "2020.10.03"]
[Round "3"]
[White "Arsenie, Cristian Marc"]
[Black "Van Aepelen, Nikolai"]
[Result "1-0"]
[WhiteElo "1567"]
[BlackElo "1494"]
[PlyCount "43"]
[EventDate "2020.10.02"]
[EventType "swiss"]
[EventRounds "5"]
[EventCountry "SUI"]
[SourceTitle "CBM 198 Extra"]
[Source "ChessBase"]
[SourceDate "2020.11.30"]
[SourceVersion "1"]
[SourceVersionDate "2020.11.30"]
[SourceQuality "1"]

1. e4 c6 2. d4 d5 3. exd5 cxd5 4. c4 Nf6 5. Nc3 e6 6. Nf3 Bb4 7. cxd5 Nxd5 8. Bd2 0-0 9. Bd3 Nc6 10. 0-0 Be7 11. Re1 Bf6 12. Nxd5 exd5 13. Bc3 Bg4 14. Bc2 Bxf3 15. Qxf3 Bxd4 16. Qd3 Qh4 17. Bxd4 Nxd4 18. g3 Qh3 19. Qxd4 g5 20. Re5 f6 21. Rxd5 Rac8 22. Bf5 1-0